| 000 | 00397nam a2200157Ia 4500 | ||
|---|---|---|---|
| 008 | 230524s9999 xx 000 0 und d | ||
| 082 |
_a60 _bPAR |
||
| 100 | _aUdai Pareek | ||
| 245 | 0 | _aUnderstanding Organisational Behaviour | |
| 250 | _a2ND | ||
| 260 |
_aNEW DELHI _bOxford _c2008 |
||
| 300 | _aXVI;793 | ||
| 500 | _aQuantity Number: 10 | ||
| 650 | _aOrganisational Behaviour | ||
| 942 | _cBK | ||
| 999 |
_c40075 _d40075 |
||